|
|
|
|
| LEADER |
00000nbm0a2200000 4500 |
| 001 |
59505 |
| 005 |
20231031060317.0 |
| 035 |
|
|
|a (RuTPU)RU\TPU\book\62899
|
| 090 |
|
|
|a 59505
|
| 100 |
|
|
|a 20031229d1986 k y0rusy50 ca
|
| 101 |
0 |
|
|a rus
|
| 102 |
|
|
|a RU
|
| 105 |
|
|
|a a m 001zy
|
| 200 |
1 |
|
|a Разработка и создание акустических средств контроля герметичности подводных трубопроводов
|e диссертация на соискание ученой степени кандидата технических наук
|e спец. 05.11.13
|f Б. М. Лапшин
|g Томский политехнический институт ; науч. рук. В. Л. Чахлов
|
| 210 |
|
|
|a Томск
|d 1986
|
| 215 |
|
|
|a 244 л.
|c ил.
|
| 300 |
|
|
|a На правах рукописи
|
| 320 |
|
|
|a Библиогр.: с. 211-222(113 назв.)
|
| 610 |
1 |
|
|a трубопроводы
|
| 610 |
1 |
|
|a трубопроводы подводные
|
| 610 |
1 |
|
|a акустический контроль
|
| 610 |
1 |
|
|a герметичность
|
| 610 |
1 |
|
|a средства
|
| 610 |
1 |
|
|a разработка
|
| 610 |
1 |
|
|a создание
|
| 610 |
1 |
|
|a диссертации
|
| 610 |
1 |
|
|a труды учёных ТПУ
|
| 675 |
|
|
|a 622.692.4(048)
|v 3
|
| 686 |
|
|
|a 05.11.13
|2 oksvnk
|
| 700 |
|
1 |
|a Лапшин
|b Б. М.
|c российский учёный в области неразрушающего контроля
|c заведующий лабораторией №62 Томского политехнического университета
|g Борис Михайлович
|2 stltpush
|3 (RuTPU)RU\TPU\pers\28182
|
| 702 |
|
1 |
|a Чахлов
|b В. Л.
|c физик
|c заслуженный деятель науки и техники Российской Федерации
|c заслуженный профессор Томского политехнического университета, доктор технических наук
|f 1934-2011
|g Владимир Лукьянович
|2 stltpush
|3 (RuTPU)RU\TPU\pers\19882
|4 727
|
| 712 |
0 |
2 |
|a Томский политехнический институт
|
| 801 |
|
1 |
|a RU
|b 63413507
|c 20031229
|g PSBO
|
| 801 |
|
2 |
|a RU
|b 63413507
|c 20220124
|g PSBO
|
| 942 |
|
|
|c BK
|